00913nam a2200205Ia 4500003000400000005001700004008004100021020001900062040000900081100001600090245003900106260002000145942001200165999001500177952010300192952010300295952010300398952010300501952010300604OSt20240307144831.0170524s9999 xx 000 0 und d a978-0133874037 cIIMT aFraser- L M 0aUnderstanding Financial Statements bNEW DELHI : PHI 2ddcc02 c8658d8658 00102ddc4070a01b01d2017-06-01p01-B-91859r2017-06-01uFinancial Accounting w2017-06-01y02 00102ddc4070a01b01d2017-06-01p01-B-91860r2017-06-01uFinancial Accounting w2017-06-01y02 00102ddc4070a01b01d2017-06-01p01-B-91861r2017-06-01uFinancial Accounting w2017-06-01y02 00102ddc4070a01b01d2017-06-01p01-B-91862r2017-06-01uFinancial Accounting w2017-06-01y02 00102ddc4070a01b01d2017-06-01p01-B-91863r2017-06-01uFinancial Accounting w2017-06-01y02